=LDR 00000nam 2200000 4500 =001 INLIS000000000040375 =005 20130612145936 =008 ***********************************Ind** =035 ##$$0010-061300000040375 =041 ##$$a Ind =082 ##$$a 332.11 =090 ##$$a 332.11, Kus p =100 ##$$a Kusumaning Tuti S.J =245 ##$$a Pinjam sindikasi luar negeri, Kusumaningtuti SS =260 ##$$a 2008 $b Jakarta =300 ##$$a ix, 88 hlm, 22 cm =650 ##$$a Bank Sentral =850 ##$$a NBPNMAT